000 00341nam a22001337a 4500
005 20250901165816.0
008 250402b |||||||| |||| 00| 0 eng d
020 _a9789966794123
050 _aPL 8704 .M34 2011
245 _aDEATH AT THE WELL
_cMBERIA KITHAKA
260 _aNAIROBI
_bMARIMBA PUBLICATIONS
_c2011
300 _a112
942 _2lcc
999 _c9508
_d9508